Osiedla Szczecina na mapie - Statystyki

Ogólne statystyki
  • Ten quiz został rozwiązany 887 razy
  • Średni wynik to 18 z 37
Odpowiedzi na mapie
Odpowiedzi zakodowano w zielono-czerwonej skali na mapie do tego quizu, zgodnie z poniższymi procentami.
 
Statystyki odpowiedzi
Dzielnica Osiedle % Poprawnych
Prawobrzeże Dąbie
81%
Śródmieście Centrum
79%
Północ Niebuszewo
78%
Zachód Gumieńce
72%
Zachód Pomorzany
69%
Prawobrzeże Słoneczne
69%
Zachód Pogodno
68%
Prawobrzeże Podjuchy
63%
Północ Skolwin
62%
Północ Warszewo
61%
Śródmieście Stare Miasto
58%
Śródmieście Turzyn
58%
Prawobrzeże Zdroje
57%
Północ Stołczyn
54%
Prawobrzeże Majowe
53%
Północ Bukowo
52%
Śródmieście Nowe Miasto
52%
Zachód Osów
47%
Śródmieście Śródmieście-Północ
45%
Śródmieście Niebuszewo-Bolinko
44%
Śródmieście Śródmieście-Zachód
44%
Prawobrzeże Kijewo
42%
Północ Żelechowa
39%
Śródmieście Łękno
37%
Prawobrzeże Żydowce-Klucz
37%
Śródmieście Drzetowo-Grabowo
36%
Zachód Arkońskie-Niemierzyn
35%
Zachód Świerczewo
35%
Zachód Zawadzkiego-Klonowica
35%
Zachód Krzekowo-Bezrzecze
34%
Śródmieście Międzyodrze-Wyspa Pucka
34%
Północ Golęcino-Gocław
32%
Zachód Głębokie-Pilchowo
31%
Prawobrzeże Bukowe-Klęskowo
30%
Prawobrzeże Załom-Kasztanowe
24%
Prawobrzeże Płonia-Śmierdnica- Jezierzyce
22%
Prawobrzeże Wielgowo-Sławociesze- Zdunowo
15%
Nie znaleziono quizów pasujących do podanych kryteriów
Rozkład punktacji
Procent ludzi z każdym wynikiem
Percentyl według liczby udzielonych odpowiedzi
Twoja historia wyników
Nie rozwiązałeś tego quizu